Finis les paroles - Josman - Statistiques

Statistiques générales
  • Ce quiz a été pris 473 fois
  • Le résultat moyen est 7 sur 11
Statistiques - réponses
Hint Réponse % Correct
J’connais tes peurs, j’connais ton cœur, j’connais ton corps par... cœur
92%
La douceur de ton regard me rend bête, me renforce et me désarme, j’vеux faire couler tes lèvrеs pas tes... larmes
86%
Peu importe, si mon cœur est plein d’tourments, j’vis, j’attends qu’ma vie prenne un nouveau... tournant
84%
Tu t’rappelles? J’disais qu’je butterais celui qui t’fait du mal ? C’est moi qui t’ai fait du sale, c’est moi qui mérite la... balle
83%
J’cours après l’bonheur comme sur un tapis roulant, faut qu’j’sorte d’ces p*tains d’sables.. mouvants
78%
La fumée part avec la peine, des larmes de sang dans les... veines
77%
Dans mon cerveau c’est pire que Duracell, même quand je somme y a le seum qui m’... harcèle
62%
J’allume et j’tutoie les nuages, il faut bien que je m’extirpe d’la cage, alors j’inspire, j’expire d’la... rage
54%
Appel à l’aide : j’suis tombé sur messagerie, noyé dans mes songes en nage... libre
33%
Mesdames et messieurs, j’ferme mon cercle, car plus le cercle est large, plus il est.. vicieux
33%
On n’est pas les mêmes : j’ai pas les mêmes rêves, pas les mêmes buts, il m’faut un chèque à deux... virgules
30%
Aucun quiz correspondant
Distribution des résultats
% des personnes avec chaque résultat
Percentile par nombre de réponses
Votre historique - résultats
Vous n’avez pas pris ce quiz